000
00334nam a22001457a 4500
008
210527b ||||| |||| 00| 0 eng d
020
_a
2900669354460
041
_a
eng
080
_2
5th
_a
159.9
082
_a
159.9
100
_a
48
101
_a
PSI
245
_a
Theories and Systems of Psychology
_c
Lundin,R.W
942
_2
udc
_c
BK
999
_c
57676
_d
57676